Normas para la prevención, tratamiento y control de las diarreas infantiles: Normas Pediatricas
Guardat en:
| Format: | Llibre |
|---|---|
| Idioma: | espanyol |
| Publicat: |
Santiago
Servicio Nacional de Salud, Grupo Normativo Nacional de Pediatría
1973
|
| Col·lecció: | Colección de normas pediátricas
|
| Matèries: | |
| Etiquetes: |
Afegir etiqueta
Sense etiquetes, Sigues el primer a etiquetar aquest registre!
|
MARC
| LEADER | 00000nam a2200000 a 4500 | ||
|---|---|---|---|
| 001 | UCW4683 | ||
| 003 | CL-VaPUC | ||
| 008 | 900619e19730000CL |||||||||||||||||spa|d | ||
| 082 | 0 | 4 | |a 616.342 |b NOR |2 21 |
| 245 | 1 | 0 | |a Normas para la prevención, tratamiento y control de las diarreas infantiles: Normas Pediatricas |
| 300 | |a 87 p | ||
| 942 | |c BK | ||
| 945 | |d 19900619 00:00:00 | ||
| 260 | |a Santiago |b Servicio Nacional de Salud, Grupo Normativo Nacional de Pediatría |c 1973 | ||
| 650 | 7 | |a DIARREAS INFANTILES |2 CL-VaPUC |9 309483 | |
| 650 | 7 | |a COLITIS INFANTILES |2 CL-VaPUC |9 309484 | |
| 583 | |a last modification |c 19900619 00:00:00 |k Rodrigo Vera | ||
| 490 | 0 | |a Colección de normas pediátricas | |
| 999 | |c 218343 |d 218341 | ||
| 952 | |0 0 |1 0 |4 0 |6 616_342000000000000_NOR_1973 |7 0 |8 P |9 207767 |a BIBEDU |b BIBEDU |c BIBEDU_PB |d 2019-11-15 |i 2755815 |o 616.342 NOR 1973 |p 2755815 |r 2019-11-15 |w 2019-11-15 |y BK |k EDU | ||
| 952 | |0 0 |1 0 |4 0 |6 616_342000000000000_NOR_1973 |7 0 |8 P |9 207768 |a BIBEDU |b BIBEDU |c BIBEDU_PB |d 2019-11-15 |i 2755823 |o 616.342 NOR 1973 |p 2755823 |r 2019-11-15 |w 2019-11-15 |y BK |k EDU | ||